| 000 -LEADER |
| fixed length control field |
00706nam a22002057a 4500 |
| 005 - DATE AND TIME OF LATEST TRANSACTION |
| control field |
20221107123501.0 |
| 008 - FIXED-LENGTH DATA ELEMENTS--GENERAL INFORMATION |
| fixed length control field |
200630s2013 eng||||| |||| 00| 0 enk d |
| 020 ## - INTERNATIONAL STANDARD BOOK NUMBER |
| International Standard Book Number |
9781455770793 X |
| 041 ## - LANGUAGE CODE |
| Language code of text/sound track or separate title |
eng |
| 080 ## - UNIVERSAL DECIMAL CLASSIFICATION NUMBER |
| Universal Decimal Classification number |
616.31 P-36 |
| 245 ## - TITLE STATEMENT |
| Title |
Pediatric Dentistry : |
| Remainder of title |
Dental clinics of North America |
| Statement of responsibility, etc. |
Editor J. H. Berg. |
| 264 ## - PRODUCTION, PUBLICATION, DISTRIBUTION, MANUFACTURE, AND COPYRIGHT NOTICE |
| Place of production, publication, distribution, manufacture |
Philadelphia : |
| Name of producer, publisher, distributor, manufacturer |
Elsevier, |
| Date of production, publication, distribution, manufacture, or copyright notice |
2013. |
| 300 ## - PHYSICAL DESCRIPTION |
| Extent |
180 p.; |
| Other physical details |
oll., |
| Dimensions |
24 cm. |
| 653 ## - INDEX TERM--UNCONTROLLED |
| keyword |
საბავშვო სტომატოლოგია |
| 653 ## - INDEX TERM--UNCONTROLLED |
| keyword |
პედიატრია |
| 653 ## - INDEX TERM--UNCONTROLLED |
| keyword |
მედიცინა |
| 653 ## - INDEX TERM--UNCONTROLLED |
| keyword |
Детская стоматология |
| 700 ## - ADDED ENTRY--PERSONAL NAME |
| Personal name |
Berg, J. H. |
| Relator term |
რედაქტორი |
| 9 (RLIN) |
8911 |
| 942 ## - ADDED ENTRY ELEMENTS (KOHA) |
| Source of classification or shelving scheme |
|
| Koha item type |
წიგნი |